000 00299nam a2200109Ia 4500
008 200302s9999 xx 000 0 und d
100 _aLizzie Boyd
245 _aSuccessful Gardening A-Z of Alpines and Water Plants
260 _bThe Reader Digest Association Ltd.
260 _c1995
300 _a176 P.,
999 _c4205
_d4205